Personnel management and industrial relations (Record no. 20957)

MARC details
000 -LEADER
fixed length control field 00312nam a2200121Ia 4500
082 ## - DEWEY DECIMAL CLASSIFICATION NUMBER
Classification number 658.3
Item number YOD
100 ## - MAIN ENTRY--AUTHOR NAME
Personal name Yoder, Dale
245 #0 - TITLE STATEMENT
Title Personnel management and industrial relations
250 ## - EDITION STATEMENT
Edition statement Ed.5
260 ## - PUBLICATION, DISTRIBUTION, ETC. (IMPRINT)
Place of publication New Delhi
Name of publisher Prentice Hall
Year of publication 1967
942 ## - ADDED ENTRY ELEMENTS (KOHA)
Koha item type Books
Holdings
Withdrawn status Lost status Damaged status Not for loan Home library Current library Date acquired Full call number Accession Number Koha item type
        RRII Library RRII Library 16/12/2021 658.3 YOD 01679 Books